000 00767nam a22001577a 4500
005 20250808110153.0
008 250808b |||||||| |||| 00| 0 eng d
050 _aTHE TD 427 .P63 A39 2025
_bC.1
100 _aAkwir, Omondi Cornel
245 _aEmerging Micropollutants Biomonitoring in Peri-Urban Rivers in Kisumu City, Kenya, Using the African Catfish (Clarias gariepinus) as a Sentinel
260 _aKisii
_bKisii University
_c2021
300 _axxiv, 243p.:ill.
500 _aIncludes bibliographical references
650 _a1. Water—Pollution—Kenya—Kisumu. 2. Micropollutants—Environmental aspects. 3. Aquatic organisms—Effect of water pollution on. 4. Clarias gariepinus—Effect of water pollution. 5. Fish as bioindicators.
942 _2lcc
_cREF
999 _c216003
_d216003